| 000 | 00345nam a2200145Ia 4500 | ||
|---|---|---|---|
| 008 | 150201s2009 xx 000 0 und d | ||
| 082 |
_a616.8 _bC09S |
||
| 100 | _aSADOCK, B.J.S. | ||
| 245 | _aCOMPERHENSHIVE TB. OF PSYCHIATRY-2 | ||
| 250 | _a9TH | ||
| 260 |
_bWOLETER _aDELHI _c2009 |
||
| 300 | _a1-4520 | ||
| 650 | _aPSYCHIATRY | ||
| 942 |
_2ddc _cBK |
||
| 999 |
_c588 _d588 |
||